Statistics for The Andrew Jackson Presidency

Click here to take the quiz!

General Stats

  • This quiz has been taken 45 times
  • The average score is 9 of 15

Answer Stats

Hint Answer % Correct
He is considered to be the founder of this major political partyDemocratic Party
87%
His Vice-President from 1833 to 1837 (Hint: he became president afterwards)Martin Van Buren
77%
Under his presidency, this current state declares its independenceTexas
77%
He is the only president to completely pay off thisNational Debt
77%
He was the first president to be targeted by this attemptAssassination
72%
His most famous nicknameOld Hickory
67%
He was dubbed a national hero after fighting and winning against the British in this southern cityNew Orleans
67%
He passed this act in 1830,which led to the Trail of TearsIndian Removal Act
62%
Most of these Indians came from this newly purchased territoryFlorida
51%
The 1832-1833 nullification act was aimed to introduce a tax on all foreign goods. The nullification crisis was a confrontation between the federal government and this stateSouth Carolina
49%
He vetoed a 1832 bill which would have extended the life of this monetary institutionBank
41%
He was part of this fraternityFreemasonry
38%
States admitted to the Union under Jackson (only one out of the two is needed)Arkansas and Michigan
38%
Name of the era during and after Jackson's presidencyJacksonian Era
36%
He was president when this Second Indian war occurredSecond Seminole War
15%

Score Distribution

Percentile by Number Answered

Percent of People with Each Score

Your Score History

You have not taken this quiz